Rekha an kahi kahani (Record no. 612838)
[ view plain ]
| 000 -LEADER | |
|---|---|
| fixed length control field | 00276nam a22001217a 4500 |
| 020 ## - INTERNATIONAL STANDARD BOOK NUMBER | |
| International Standard Book Number | 978-969-562-666-5 |
| 040 ## - CATALOGING SOURCE | |
| Transcribing agency | CL |
| 100 ## - MAIN ENTRY--PERSONAL NAME | |
| Personal name | Yasir Usman |
| 9 (RLIN) | 127822 |
| 245 ## - TITLE STATEMENT | |
| Title | Rekha an kahi kahani |
| 260 ## - PUBLICATION, DISTRIBUTION, ETC. | |
| Place of publication, distribution, etc. | Lahore: |
| Name of publisher, distributor, etc. | Fiction House, |
| Date of publication, distribution, etc. | 2019. |
| 300 ## - PHYSICAL DESCRIPTION | |
| Extent | 174p. |
| 942 ## - ADDED ENTRY ELEMENTS (KOHA) | |
| Source of classification or shelving scheme | |
| Koha item type | Book |
| Withdrawn status | Lost status | Source of classification or shelving scheme | Damaged status | Not for loan | Permanent Location | Current Location | Shelving location | Date acquired | Source of acquisition | Total Checkouts | Full call number | Barcode | Date last seen | Price effective from | Koha item type |
|---|---|---|---|---|---|---|---|---|---|---|---|---|---|---|---|
| Central Library (CL) | Central Library (CL) | Fiction | 02/11/2025 | Donation | 927.054 YAS | CL-D-2691 | 04/10/2025 | 02/11/2025 | Book |
